|
|
|
|
| LEADER |
00000nam a2200000 a 4500 |
| 001 |
vtls008161277 |
| 003 |
SK-MaSNL |
| 005 |
20260302074030.0 |
| 008 |
200701s2002 xo a a p 000 0 slo |
| 015 |
|
|
|a SNBA2006/01-00223
|
| 020 |
|
|
|a 8088958393
|q (brož.)
|
| 035 |
|
|
|a urn:nbn:sk:snk-km00c4xm
|
| 035 |
|
|
|a urn:nbn:sk:snk-km3lplo
|
| 035 |
|
|
|a 7190E3B8-8E7D-421E-8088-A7D306C75EE0
|
| 040 |
|
|
|a SNK
|b slo
|c SNK
|e AACR2
|
| 041 |
0 |
|
|a slo
|
| 044 |
|
|
|a xo
|c SK
|
| 072 |
|
7 |
|a 373.2/.3
|x Predškolská a primárna výchova a vzdelávanie
|2 konspekt
|
| 072 |
|
7 |
|a 0/9-053.2
|x Literatúra pre deti a mládež (náučná)
|2 konspekt
|
| 080 |
|
|
|a (0.053.2)
|2 MDT-MRF
|
| 080 |
|
|
|a (076.1)
|2 MDT-MRF
|
| 080 |
|
|
|a 316.346.32-053.4
|2 MDT-MRF
|
| 080 |
|
|
|a 373.2
|2 MDT-MRF
|
| 080 |
|
|
|a 51
|2 MDT-MRF
|
| 100 |
1 |
|
|a Nováková, Mária
|4 aut
|4 bjd
|4 ill
|9 272673
|
| 245 |
1 |
0 |
|a Matematika predškoláka s Dinom
|b príprava predškolákov na matematiku v základnej škole podľa "Programu výchovy a vzdelávania pre materské školy"
|c [autorka: Mária Nováková]
|
| 250 |
|
|
|a [1. vyd.]
|
| 260 |
|
|
|a Košice
|b NOMI
|c 2002
|
| 300 |
|
|
|a 32 s.
|b ilustr.
|c 30 cm
|
| 500 |
|
|
|a Názov z obalu
|
| 521 |
8 |
|
|a Pre deti predškolského veku
|
| 650 |
0 |
7 |
|a matematika
|2 SNKPH
|9 70174
|
| 650 |
0 |
7 |
|a deti predškolského veku
|2 SNKPH
|9 4103
|
| 650 |
0 |
7 |
|a predškolská výchova
|2 SNKPH
|9 3959
|
| 655 |
|
7 |
|a publikácie pre deti
|2 SNKPH
|9 70148
|
| 655 |
|
7 |
|a pracovné zošity
|2 SNKPH
|9 70188
|
| 919 |
|
|
|a 80-88958-39-3
|
| 999 |
|
|
|c 1163339
|d 1165269
|
| 952 |
|
|
|a SNK
|b SNK
|y PREZ
|7 0
|p 17A0476107
|o snkSB 70620
|i snk2005/10645
|8 0
|0 0
|1 0
|4 0
|d 2005-06-20
|f 1
|l 0
|r 2025-04-22 00:00:00
|w 2026-02-24
|